CS:GO Major winners without HLTV Top20 - Statistics

General Stats
  • This quiz has been taken 141 times
    128 since last reset
  • The average score is 14 of 18
Answer Stats
Team Player % Correct
FaZe Clan karrigan
90%
Natus Vincere Boombl4
88%
Natus Vincere Perfecto
85%
Cloud 9 Stewie2K
85%
Ninjas in Pyjamas Fifflaren
82%
Virtus Pro TaZ
82%
Outsiders FL1T
80%
Gambit mou
80%
Cloud 9 RUSH
80%
Gambit Zeus
80%
Outsiders fame
78%
Outsiders N0rb3r7
78%
Fnatic pronax
78%
Cloud 9 tarik
77%
Outsiders Qikert
73%
Sk Gaming / Luminosity Gaming TACO
73%
Fnatic Devilwalk
58%
Fnatic schneider
58%
No matching quizzes found
Score Distribution
Percent of People with Each Score
Percentile by Number Answered
Your Score History
You have not taken this quiz since the last reset